Geografie-Kette #1 - Statistiken

Allgemein
  • Dieses Quiz wurde 1.940 mal gespielt
    1.858 seit der letzten Aktualisierung
  • Das Durchschnittsergebnis liegt bei 13 aus 20
Antwortstatistiken
Hint Antwort % Korrekt
Flächengrößtes Land der Welt Russland
100%
Einwohnerreichstes Nachbarland von ^ China
97%
Kontinent, auf dem ^ steht Asien
93%
Einwohnerreichtes Land von ^ Indien
90%
Ozean, welcher an ^ angrenzt Indischer Ozean
88%
Kontinent von ^ Afrika
84%
Anzahl der Nachbarländer von ^ 6
82%
Landesname, bestehend aus Himmelsrichtung und ^ Südafrika
80%
Größte Insel des ^ Madagaskar
75%
Höchster Berg von ^ Mount Everest
60%
Größtes afrikanisches Binnenland mit ^ Buchstaben Tschad
55%
Wichtigstes Exportland von ^ USA
50%
Hauptstadt von ^ Berlin
47%
Einwohnerreichstes Land, das ^ nutzt Deutschland
47%
Währung von ^ Euro
47%
Amtssprache in ^ Spanisch
47%
Südliches Nachbarland von ^ Zentralafrikanische Republik
47%
Einwohnerreichster Bundesstaat von ^ Kalifornien
46%
Einziges Nachbarland von ^ Mexiko
46%
Alphabetisch nächstes Land nach ^ Zypern
41%
Keine übereinstimmenden Quizze gefunden
Verteilung der Resultate
Anzahl Personen mit jedem Resultat
Perzentil nach korrekt beantworteten Fragen
Ihre Resultats-Entwicklung
Sie haben dieses Quiz seit der letzten Aktualisierung nicht gespielt